000 00895cam a2200241 i 4500
001 17997724
005 20250314203044.0
008 140114s2014 flua b 001 0 eng
020 _a9781466596733 (hardback : acidfree paper)
050 0 0 _aRS57
_b.D46 2014
082 0 0 _a615.1072/7
_223
100 1 _aDe Muth, James E.,
_d1946-
245 1 0 _aBasic statistics and pharmaceutical statistical applications /
_cJames E. De Muth, Professor, School of Pharmacy, University of Wisconsin-Madison.
250 _aThird edition.
260 _aBoca Raton
_bCRC Press
_c2014
300 _axxvi, 821 pages :
_billustrations ;
_c25 cm.
650 0 _aPharmacy
_xStatistical methods.
650 0 _aStatistics.
650 7 _aMATHEMATICS / Probability & Statistics / General.
_2bisacsh
650 7 _aMEDICAL / Pharmacology.
_2bisacsh
650 7 _aMEDICAL / Pharmacy.
_2bisacsh
942 _2lcc
_cBK
_e3rd ed.
_n0
999 _c4848
_d4848